[Event "SERBIA CHESS OPEN 2021 - MASTERS"]
[Site "Belgrade, Hotel Metropol"]
[Date "2021.07.04"]
[Round "4.25"]
[White "Savanovic, Aleksandar"]
[Black "Hovhannisyan, Robert"]
[Result "1/2-1/2"]
[WhiteElo "2406"]
[BlackElo "2632"]
[PlyCount "116"]
[EventDate "2021.??.??"]

1. e4 e5 2. Nf3 Nc6 3. Bb5 Nf6 4. O-O Nxe4 5. d4 Nd6 6. Bxc6 dxc6 7. dxe5 Nf5
8. Qxd8+ Kxd8 9. Nc3 Bd7 10. h3 h6 11. g4 Ne7 12. Kg2 a5 13. Rd1 Kc8 14. Be3
Ng6 15. Ne2 c5 16. Nf4 Nxf4+ 17. Bxf4 a4 18. Ng1 g5 19. Bd2 Bg7 20. Bc3 Bc6+
21. f3 a3 22. b3 b5 23. Rac1 Re8 24. Re1 Kb7 25. Kg3 h5 26. gxh5 Rh8 27. Re3 b4
28. Ba1 Rxh5 29. e6 f6 30. Rd1 Rh7 31. Kg4 Rh4+ 32. Kg3 c4 33. bxc4 Rxc4 34.
Re2 Re8 35. Rd4 Rxd4 36. Bxd4 Bd5 37. e7 Bxa2 38. f4 gxf4+ 39. Kxf4 Bf7 40. Kf5
Rh8 41. Rg2 Rh5+ 42. Kf4 Rh4+ 43. Rg4 f5 44. Rxh4 Bxd4 45. Kxf5 a2 46. Rxd4
a1=Q 47. Nf3 Qf1 48. Rxb4+ Kc8 49. Kf4 Kd7 50. Re4 Ke8 51. Re3 Qf2 52. c3 Bh5
53. Ke4 Kxe7 54. Ne5 Kd6 55. Nc4+ Kc5 56. Ne5 Qf1 57. Nd3+ Kd6 58. Ne5 Bd1
1/2-1/2

[Event "SERBIA CHESS OPEN 2021 - MASTERS"]
[Site "Belgrade, Hotel Metropol"]
[Date "2021.07.04"]
[Round "4.26"]
[White "Markus, Robert"]
[Black "Fus, Jakub"]
[Result "1-0"]
[WhiteElo "2600"]
[BlackElo "2403"]
[PlyCount "129"]
[EventDate "2021.??.??"]

1. d4 Nf6 2. c4 e6 3. Nc3 d5 4. Bg5 Nbd7 5. cxd5 exd5 6. e3 c6 7. Bd3 Be7 8.
Qc2 Nh5 9. Bxe7 Qxe7 10. O-O-O Nb6 11. Kb1 g6 12. Nge2 Ng7 13. Ng3 Bd7 14. f3
O-O-O 15. Qf2 h5 16. Rhe1 h4 17. Nf1 Kb8 18. e4 dxe4 19. fxe4 Ka8 20. Ne3 Ne6
21. Bc2 Ng5 22. d5 h3 23. g3 Qe5 24. a4 cxd5 25. exd5 Qd6 26. a5 Nc8 27. Nc4
Qc7 28. Ne5 Nd6 29. Qf4 f6 30. Nc4 Nc8 31. Ne5 Nd6 32. Nxg6 Rhg8 33. Qxf6 Ngf7
34. Re7 Nh6 35. Ne5 Ng4 36. Nxg4 Rxg4 37. Rd4 Rxd4 38. Qxd4 Qxa5 39. g4 Nb5 40.
Nxb5 Qxb5 41. Bd3 Qa5 42. b4 Qa3 43. Bc2 Ba4 44. Bxa4 Qxa4 45. Kb2 Qb5 46. d6
Qg5 47. Re5 Qg7 48. d7 a6 49. Rd5 Qe7 50. g5 Qe2+ 51. Qd2 Qe6 52. Rd6 Qe5+ 53.
Ka2 Qe7 54. g6 Qe4 55. Kb2 Qg4 56. b5 Qf5 57. bxa6 Qb5+ 58. Ka3 Qc5+ 59. Kb3
Qg1 60. axb7+ Kb8 61. Kb2 Qc5 62. Rd4 Qb6+ 63. Rb4 Qf6+ 64. Qd4 Qf8 65. Qe5+
1-0

[Event "SERBIA CHESS OPEN 2021 - MASTERS"]
[Site "Belgrade, Hotel Metropol"]
[Date "2021.07.04"]
[Round "4.27"]
[White "Petkidis, Anthony"]
[Black "Puranik, Abhimanyu"]
[Result "0-1"]
[WhiteElo "2401"]
[BlackElo "2589"]
[PlyCount "58"]
[EventDate "2021.??.??"]

1. e4 e6 2. d4 d5 3. Nd2 h6 4. Ngf3 Nf6 5. e5 Nfd7 6. c4 dxc4 7. Bxc4 Nb6 8.
Bd3 Bd7 9. O-O Bc6 10. Qe2 Bd5 11. Ne4 Nc6 12. Nc3 Be7 13. Rd1 g5 14. Nxd5 Qxd5
15. Be4 Qd7 16. Be3 O-O-O 17. a3 Nd5 18. Rac1 f5 19. exf6 Bxf6 20. b4 Kb8 21.
Ne1 Nce7 22. Nd3 b6 23. g3 Nf5 24. Bg2 Nfxe3 25. fxe3 Nxe3 26. Bc6 Qxd4 27. Nf2
Nxd1 28. Rxd1 Qc3 29. Qxe6 Bd4 0-1

[Event "SERBIA CHESS OPEN 2021 - MASTERS"]
[Site "Belgrade, Hotel Metropol"]
[Date "2021.07.04"]
[Round "4.28"]
[White "Perez Gormaz, Matias"]
[Black "Dragnev, Valentin"]
[Result "1/2-1/2"]
[WhiteElo "2400"]
[BlackElo "2569"]
[PlyCount "68"]
[EventDate "2021.??.??"]

1. d4 Nf6 2. c4 g6 3. g3 Bg7 4. Bg2 d5 5. cxd5 Nxd5 6. e4 Nb6 7. Ne2 c5 8. d5
e6 9. O-O exd5 10. exd5 O-O 11. Nec3 Bf5 12. g4 Bd7 13. Nd2 Na6 14. Nde4 Nc4
15. Qe2 Ne5 16. h3 c4 17. Bg5 f6 18. Be3 f5 19. f4 Nf7 20. gxf5 gxf5 21. Nc5
Nxc5 22. Bxc5 Re8 23. Qf2 Qf6 24. d6 Bc6 25. Bxc6 bxc6 26. d7 Re6 27. Rad1 Nd6
28. Kh2 Rd8 29. Bd4 Qh6 30. Bxg7 Kxg7 31. Qxa7 Kf7 32. Qc5 Rxd7 33. Qxc6 Rde7
34. Qg2 Ne4 1/2-1/2

[Event "SERBIA CHESS OPEN 2021 - MASTERS"]
[Site "Belgrade, Hotel Metropol"]
[Date "2021.07.04"]
[Round "4.29"]
[White "Suleymanli, Aydin"]
[Black "Can, Isik"]
[Result "1-0"]
[WhiteElo "2563"]
[BlackElo "2398"]
[PlyCount "95"]
[EventDate "2021.??.??"]

1. d4 d5 2. c4 c6 3. cxd5 cxd5 4. Bg5 h6 5. Bh4 Qb6 6. Nc3 Qxb2 7. Nxd5 e6 8.
Rb1 Qa3 9. Qc2 Qa5+ 10. Kd1 Na6 11. e4 exd5 12. Bb5+ Bd7 13. Bxd7+ Kxd7 14.
Rxb7+ Nc7 15. Bg3 Bd6 16. e5 Qa6 17. exd6 Qxb7 18. dxc7 Ne7 19. Nf3 f6 20. Re1
a5 21. Bd6 Rhe8 22. Bxe7 Rxe7 23. Qf5+ Kd6 24. Qf4+ Kd7 25. Qf5+ Kd6 26. Qf4+
Kd7 27. Qg4+ Kd6 28. Qg3+ Kd7 29. Rxe7+ Kxe7 30. Qxg7+ Ke6 31. Nd2 a4 32. f4
Rc8 33. g4 Kd6 34. f5 Qxc7 35. Qxf6+ Kd7 36. Qe6+ Kd8 37. Qxd5+ Qd7 38. Qe5 Qe7
39. Qh8+ Kd7 40. Qxh6 Re8 41. Qa6 Qb4 42. Qa7+ Kd6 43. f6 Ke6 44. g5 Qb5 45. h4
Qd5 46. Qa6+ Kf5 47. Qd3+ Kg4 48. Qf3+ 1-0

[Event "SERBIA CHESS OPEN 2021 - MASTERS"]
[Site "Belgrade, Hotel Metropol"]
[Date "2021.07.04"]
[Round "4.30"]
[White "Warmerdam, Max"]
[Black "Milosevic, Milos"]
[Result "1-0"]
[WhiteElo "2535"]
[BlackElo "2396"]
[PlyCount "141"]
[EventDate "2021.??.??"]

1. e4 e6 2. d4 d5 3. Nc3 dxe4 4. Nxe4 Nd7 5. Nf3 Ngf6 6. Bd3 c5 7. Nxf6+ Nxf6
8. Be3 Qc7 9. Qe2 a6 10. O-O-O Nd5 11. Kb1 Be7 12. dxc5 Nxe3 13. Qxe3 Qxc5 14.
Qf4 O-O 15. h4 Qb4 16. Qc7 Qc5 17. Qg3 f5 18. Rhe1 Bf6 19. h5 h6 20. Ne5 b5 21.
f4 a5 22. Qe3 Qxe3 23. Rxe3 Rd8 24. Rde1 b4 25. g3 Rd4 26. Nf3 Rd6 27. Bc4 Kf7
28. Ne5+ Bxe5 29. Rxe5 Kf6 30. b3 Bd7 31. a4 bxa3 32. Ka2 a4 33. b4 Rc8 34. Bd3
Rc3 35. b5 Rb6 36. Rb1 Bc8 37. g4 Bd7 38. Rg1 fxg4 39. Rxg4 Be8 40. Rg3 Bf7 41.
Rge3 Be8 42. Re1 Bd7 43. R1e4 Rxd3 44. cxd3 Rxb5 45. Rxb5 Bxb5 46. d4 Bc4+ 47.
Kxa3 Bb3 48. Re5 g6 49. Kb4 gxh5 50. Rxh5 Kg6 51. Re5 Kf6 52. Kc3 Ba2 53. Ra5
Bb3 54. Kd3 Kg6 55. Ke3 Kf6 56. Kf2 Kg6 57. Kg3 Kf6 58. Kf3 Bd1+ 59. Ke3 Bb3
60. Kf2 Kg6 61. Kf3 Kf6 62. Kg3 Kg6 63. f5+ exf5 64. Kf4 Bc2 65. Ra6+ Kg7 66.
d5 h5 67. Ke5 Kf7 68. Ra7+ Ke8 69. Ke6 Kd8 70. Ra8+ Kc7 71. d6+ 1-0

[Event "SERBIA CHESS OPEN 2021 - MASTERS"]
[Site "Belgrade, Hotel Metropol"]
[Date "2021.07.04"]
[Round "4.31"]
[White "Salimova, Nurgyul"]
[Black "Annaberdiev, Meilis"]
[Result "1/2-1/2"]
[WhiteElo "2395"]
[BlackElo "2532"]
[PlyCount "68"]
[EventDate "2021.??.??"]

1. d4 d5 2. Nf3 e6 3. c4 a6 4. g3 dxc4 5. Bg2 Nc6 6. O-O Nf6 7. Nbd2 Nxd4 8.
Nxc4 Nxf3+ 9. Bxf3 Qxd1 10. Rxd1 Be7 11. Na5 Nd5 12. e4 Bb4 13. Nc4 Nf6 14. Bf4
Bd7 15. Bxc7 Rc8 16. Nd6+ Bxd6 17. Bxd6 Bc6 18. Rac1 Rd8 19. Rc4 h5 20. h4 Ng4
21. Rcd4 Rd7 22. Be2 e5 23. Bxg4 hxg4 24. Bxe5 Rxd4 25. Bxd4 f6 26. e5 fxe5 27.
Bxe5 Kf7 28. Bc3 Rh5 29. Re1 Rd5 30. Kf1 Bb5+ 31. Kg1 Rd7 32. Re4 Rd1+ 33. Re1
Rd3 34. Re4 Rd1+ 1/2-1/2

[Event "SERBIA CHESS OPEN 2021 - MASTERS"]
[Site "Belgrade, Hotel Metropol"]
[Date "2021.07.04"]
[Round "4.32"]
[White "Nenezic, Marko"]
[Black "Damjanovic, Vuk"]
[Result "1-0"]
[WhiteElo "2531"]
[BlackElo "2369"]
[PlyCount "51"]
[EventDate "2021.??.??"]

1. Nf3 Nf6 2. c4 g6 3. Nc3 Bg7 4. d4 O-O 5. e4 d6 6. Be2 e5 7. O-O Nc6 8. d5
Ne7 9. b4 Ne8 10. a4 f5 11. a5 Nf6 12. Ra3 h6 13. exf5 gxf5 14. Nh4 a6 15. g3
f4 16. gxf4 e4 17. Kh1 Qd7 18. Rg1 Qh3 19. Ng6 Nxg6 20. Rxg6 Bf5 21. Rg3 Qh4
22. Qg1 Rf7 23. Nd1 e3 24. Nxe3 Be4+ 25. Ng2 Nh5 26. Rh3 1-0

[Event "SERBIA CHESS OPEN 2021 - MASTERS"]
[Site "Belgrade, Hotel Metropol"]
[Date "2021.07.04"]
[Round "4.33"]
[White "Caspi, Israel"]
[Black "Vardaan, Nagpal"]
[Result "0-1"]
[WhiteElo "2510"]
[BlackElo "2366"]
[PlyCount "94"]
[EventDate "2021.??.??"]

1. e4 e5 2. Nf3 Nf6 3. Nxe5 d6 4. Nf3 Nxe4 5. d4 d5 6. Bd3 Bd6 7. O-O O-O 8. c4
c6 9. Nc3 Nxc3 10. bxc3 dxc4 11. Bxc4 Bf5 12. Bg5 Qa5 13. d5 Qc5 14. Qb3 b5 15.
Be2 Qxd5 16. Qxd5 cxd5 17. Nd4 Bd7 18. Nxb5 Be5 19. Be3 a6 20. Nd4 Nc6 21. Bf3
Bxd4 22. cxd4 Be6 23. Rfc1 Rfc8 24. Rab1 Ne7 25. Rxc8+ Rxc8 26. g4 Kf8 27. Kg2
Ke8 28. Kg3 Rc4 29. Bd1 Nc6 30. Rb6 Nxd4 31. Rxa6 Nc2 32. Bf4 d4 33. Bd2 d3 34.
f3 Nd4 35. Kf2 Nc2 36. a4 Bd7 37. a5 Ra4 38. Rd6 Ra1 39. Bxc2 dxc2 40. a6 c1=Q
41. Bxc1 Rxc1 42. Rb6 Ra1 43. Rb8+ Ke7 44. Ra8 Bc6 45. Ra7+ Ke6 46. f4 g6 47.
Kg3 Bb5 0-1

[Event "SERBIA CHESS OPEN 2021 - MASTERS"]
[Site "Belgrade, Hotel Metropol"]
[Date "2021.07.04"]
[Round "4.34"]
[White "Erenberg, Ariel"]
[Black "Souhardo, Basak"]
[Result "1-0"]
[WhiteElo "2506"]
[BlackElo "2364"]
[PlyCount "119"]
[EventDate "2021.??.??"]

1. c4 e6 2. Nf3 Nf6 3. g3 d5 4. Bg2 Be7 5. O-O O-O 6. d4 dxc4 7. Qc2 a6 8. a4
Bd7 9. Qxc4 Bc6 10. Bg5 Bd5 11. Qc2 Be4 12. Qd1 h6 13. Bxf6 Bxf6 14. Nc3 Bxf3
15. Bxf3 c6 16. e3 a5 17. Qb3 Qd7 18. Ne4 Be7 19. h4 Na6 20. Rfd1 Qc7 21. Rac1
Rfd8 22. Kg2 Rd7 23. h5 Rad8 24. Be2 Nb4 25. Nc5 Bxc5 26. Rxc5 Rd5 27. Rcc1 Qe7
28. Bf3 R5d6 29. Qc4 b6 30. Rd2 e5 31. Rcd1 e4 32. Be2 Qg5 33. Rh1 Nd5 34. Qc2
Qf5 35. Rh4 Re8 36. Kg1 Rf6 37. Bg4 Qg5 38. Qb3 Kh8 39. Bh3 Rf3 40. Bg2 Rxg3
41. fxg3 Qxg3 42. Rh2 f5 43. Rf2 f4 44. Rh3 Qg4 45. Rxf4 Nxf4 46. exf4 Qxf4 47.
Qe3 Qg4 48. Kh2 Re7 49. Qg3 Qf5 50. Qh4 Re8 51. Re3 Qd5 52. Rxe4 Rxe4 53. Qxe4
Qxh5+ 54. Bh3 Qg5 55. b3 h5 56. Qe5 Qh4 57. Qe3 g5 58. Kg1 g4 59. Bg2 g3 60. d5
1-0

[Event "SERBIA CHESS OPEN 2021 - MASTERS"]
[Site "Belgrade, Hotel Metropol"]
[Date "2021.07.04"]
[Round "4.35"]
[White "Yankelevich, Lev"]
[Black "Damljanovic, Branko"]
[Result "1/2-1/2"]
[WhiteElo "2389"]
[BlackElo "2501"]
[PlyCount "90"]
[EventDate "2021.??.??"]

1. d4 Nf6 2. c4 g6 3. Nc3 Bg7 4. e4 d6 5. Be2 O-O 6. Bg5 Na6 7. Nf3 Qe8 8. O-O
e5 9. d5 Kh8 10. Nd2 Ng8 11. Nb3 Bd7 12. f3 f6 13. Be3 Bh6 14. Qd2 Bxe3+ 15.
Qxe3 Qe7 16. Na5 b6 17. Nb3 Nb4 18. Qd2 a5 19. Nc1 Na6 20. Nd3 f5 21. f4 Nf6
22. exf5 gxf5 23. Rae1 e4 24. Bd1 Rg8 25. Nc1 Nc5 26. Nb3 Nxb3 27. axb3 Rg6 28.
Re3 Rag8 29. Rf2 Qg7 30. Rh3 Be8 31. Kf1 c6 32. dxc6 Bxc6 33. Re3 Nd7 34. Bc2
Nc5 35. Nd1 b5 36. Qc3 b4 37. Qxg7+ R8xg7 38. Rh3 d5 39. cxd5 Bxd5 40. Ne3 Bc6
41. Rh5 Rf6 42. g4 Re7 43. Rxf5 Nd3 44. Rd2 Nxf4 45. Rd8+ Re8 1/2-1/2

[Event "SERBIA CHESS OPEN 2021 - MASTERS"]
[Site "Belgrade, Hotel Metropol"]
[Date "2021.07.04"]
[Round "4.36"]
[White "Csonka, Balazs"]
[Black "Gasimov, Parviz"]
[Result "1/2-1/2"]
[WhiteElo "2498"]
[BlackElo "2353"]
[PlyCount "57"]
[EventDate "2021.??.??"]

1. e4 e6 2. d4 d5 3. e5 c5 4. c3 Nc6 5. Nf3 Qb6 6. Be2 cxd4 7. cxd4 Nge7 8. Na3
Nf5 9. Nc2 Bd7 10. O-O a5 11. Rb1 Nb4 12. g4 Ne7 13. a3 Nxc2 14. Qxc2 Rc8 15.
Qd3 h5 16. h3 hxg4 17. hxg4 a4 18. Kg2 Nc6 19. Bg5 Be7 20. Bxe7 Nxe7 21. Qd2
Ng6 22. Kg3 Qb3 23. Bd1 Qc4 24. Be2 Qb3 25. Rfc1 O-O 26. Rxc8 Rxc8 27. Rc1 Rxc1
28. Qxc1 Bc6 29. Qd1 1/2-1/2

[Event "SERBIA CHESS OPEN 2021 - MASTERS"]
[Site "Belgrade, Hotel Metropol"]
[Date "2021.07.04"]
[Round "4.37"]
[White "Rozen, Eytan"]
[Black "Sadikhov, Ulvi"]
[Result "0-1"]
[WhiteElo "2386"]
[BlackElo "2490"]
[PlyCount "76"]
[EventDate "2021.??.??"]

1. d4 Nf6 2. Nf3 g6 3. g3 Bg7 4. Bg2 O-O 5. O-O d6 6. c4 c6 7. Nc3 Bf5 8. Ng5
h6 9. e4 Bg4 10. f3 Bd7 11. Nh3 e5 12. Be3 exd4 13. Bxd4 Be6 14. c5 dxc5 15.
Bxc5 Re8 16. Qxd8 Rxd8 17. Rad1 Nbd7 18. Bd4 g5 19. f4 c5 20. Bxf6 Nxf6 21. e5
Ng4 22. Rxd8+ Rxd8 23. Rd1 Rxd1+ 24. Nxd1 b6 25. a3 gxf4 26. gxf4 f6 27. Be4
fxe5 28. f5 Bd7 29. Nhf2 Nf6 30. Ne3 Nxe4 31. Nxe4 Bc6 32. Nd6 e4 33. Nc8 Bd7
34. Nxa7 Bxb2 35. Nd5 c4 36. Kf2 c3 37. Nf6+ Kf7 38. Nxd7 c2 0-1

[Event "SERBIA CHESS OPEN 2021 - MASTERS"]
[Site "Belgrade, Hotel Metropol"]
[Date "2021.07.04"]
[Round "4.38"]
[White "Blohberger, Felix"]
[Black "Nestorovic, Dejan"]
[Result "1-0"]
[WhiteElo "2490"]
[BlackElo "2350"]
[PlyCount "85"]
[EventDate "2021.??.??"]

1. e4 c5 2. Nf3 e6 3. d4 cxd4 4. Nxd4 Nf6 5. Nc3 d6 6. g4 h6 7. h4 Nc6 8. Rg1
h5 9. gxh5 Nxh5 10. Bg5 Nf6 11. Qd2 Qb6 12. Nb3 a6 13. O-O-O Bd7 14. Rg2 O-O-O
15. f4 Be7 16. Kb1 Ne8 17. f5 Bxg5 18. hxg5 g6 19. Be2 exf5 20. Nd5 Qa7 21. Qc3
Rh4 22. exf5 gxf5 23. Bf3 Rh3 24. Re2 Kb8 25. a3 Rc8 26. Nf6 Nxf6 27. Qxf6 Be6
28. Bxc6 bxc6 29. Nd4 Bd5 30. Nxf5 Ka8 31. Ne7 Re8 32. Nxd5 Rxe2 33. Nf4 Rhe3
34. Nxe2 Rxe2 35. Qf3 Re6 36. Qxc6+ Qb7 37. Qc4 Ka7 38. Rf1 Qe7 39. Rf3 Qd7 40.
Ka2 Re7 41. Rf6 Re6 42. Rxe6 fxe6 43. g6 1-0

[Event "SERBIA CHESS OPEN 2021 - MASTERS"]
[Site "Belgrade, Hotel Metropol"]
[Date "2021.07.04"]
[Round "4.39"]
[White "Raja, Harshit"]
[Black "Kowalski, Igor"]
[Result "1-0"]
[WhiteElo "2484"]
[BlackElo "2349"]
[PlyCount "57"]
[EventDate "2021.??.??"]

1. e4 c6 2. d4 d5 3. Nc3 dxe4 4. Nxe4 Bf5 5. Ng3 Bg6 6. h4 h6 7. Nf3 Nd7 8. h5
Bh7 9. Bd3 Bxd3 10. Qxd3 Ngf6 11. Bd2 e6 12. O-O-O Be7 13. Kb1 O-O 14. Ne4 c5
15. g4 Nxg4 16. Qe2 f5 17. Nxc5 Nxc5 18. dxc5 Qc8 19. Ne1 Bxc5 20. Nd3 Rd8 21.
Nxc5 Qxc5 22. Qxe6+ Kh8 23. Bc3 Qf8 24. Rd7 Rxd7 25. Qxd7 Nxf2 26. Rg1 Ng4 27.
Qxb7 Re8 28. Qxa7 Re7 29. Qd4 1-0

[Event "SERBIA CHESS OPEN 2021 - MASTERS"]
[Site "Belgrade, Hotel Metropol"]
[Date "2021.07.04"]
[Round "4.40"]
[White "Todorovic, Goran M"]
[Black "Makhnev, Denis"]
[Result "0-1"]
[WhiteElo "2373"]
[BlackElo "2480"]
[PlyCount "94"]
[EventDate "2021.??.??"]

1. e4 c6 2. Nc3 d5 3. Nf3 dxe4 4. Nxe4 Nf6 5. Qe2 Nxe4 6. Qxe4 Qd5 7. Qf4 Qf5
8. Qe3 Nd7 9. Bd3 Qc5 10. O-O g6 11. c3 Qxe3 12. fxe3 Nc5 13. Bc4 b5 14. Be2
Bg7 15. d4 Na4 16. c4 a6 17. Bd3 Bf5 18. e4 Bg4 19. e5 Rd8 20. Be4 O-O 21. Bxc6
Bxf3 22. gxf3 Rxd4 23. cxb5 axb5 24. f4 g5 25. Bxb5 Rb8 26. Bxa4 Rxa4 27. Rf3
gxf4 28. Rxf4 Ra6 29. Re4 Rb5 30. a4 Bxe5 31. axb5 Rxa1 32. Rxe5 Rxc1+ 33. Kf2
Kf8 34. Rh5 Rc2+ 35. Ke3 Rxb2 36. Kd4 Ke8 37. Kc5 Kd7 38. Kb6 Kd6 39. h4 e5 40.
Rxh7 f5 41. h5 e4 42. h6 e3 43. Rh8 f4 44. h7 Rh2 45. Rd8+ Ke7 46. Rd4 Rxh7 47.
Rxf4 Rh6+ 0-1

[Event "SERBIA CHESS OPEN 2021 - MASTERS"]
[Site "Belgrade, Hotel Metropol"]
[Date "2021.07.04"]
[Round "4.41"]
[White "Cabarkapa, Novak"]
[Black "Dimic, Pavle"]
[Result "1-0"]
[WhiteElo "2478"]
[BlackElo "2337"]
[PlyCount "89"]
[EventDate "2021.??.??"]

1. d4 Nf6 2. Nc3 d5 3. Bf4 c5 4. e3 cxd4 5. exd4 a6 6. Nf3 Nc6 7. Ne5 Bd7 8. g3
e6 9. Bg2 Qb6 10. Nxd7 Nxd7 11. Ne2 Be7 12. b3 Rc8 13. O-O O-O 14. c4 Nf6 15.
c5 Qa7 16. a3 b6 17. b4 Nd7 18. Be3 Bf6 19. Rc1 Rfd8 20. f4 Be7 21. f5 bxc5 22.
fxe6 fxe6 23. dxc5 Bf6 24. Nd4 Nxd4 25. Bxd4 Kh8 26. Bxf6 Nxf6 27. Qd4 Re8 28.
Rfe1 Re7 29. Kh1 Rce8 30. Qe5 Ng4 31. Qe2 Nf6 32. a4 e5 33. b5 axb5 34. axb5 e4
35. b6 Qa5 36. Qb2 Nd7 37. b7 Nb8 38. Red1 Rd8 39. c6 Qc7 40. Qa3 Re6 41. Rxd5
Rde8 42. Rf5 R8e7 43. Qa5 g6 44. Qc3+ Kg8 45. Rf6 1-0

[Event "SERBIA CHESS OPEN 2021 - MASTERS"]
[Site "Belgrade, Hotel Metropol"]
[Date "2021.07.04"]
[Round "4.42"]
[White "Kamer, Kayra"]
[Black "Nestorovic, Nikola"]
[Result "1/2-1/2"]
[WhiteElo "2355"]
[BlackElo "2477"]
[PlyCount "35"]
[EventDate "2021.??.??"]

1. e4 c5 2. Nf3 Nc6 3. Bb5 g6 4. O-O Bg7 5. c3 Nf6 6. Re1 O-O 7. h3 Qc7 8. d4
cxd4 9. cxd4 d5 10. e5 Ne4 11. Nbd2 Bf5 12. Nxe4 dxe4 13. Nh4 Rad8 14. Nxf5
gxf5 15. Bxc6 Qxc6 16. Bf4 Rd7 17. Re3 f6 18. Rg3 1/2-1/2

[Event "SERBIA CHESS OPEN 2021 - MASTERS"]
[Site "Belgrade, Hotel Metropol"]
[Date "2021.07.04"]
[Round "4.43"]
[White "Gavrilescu, David"]
[Black "Abramovic, Bosko"]
[Result "1-0"]
[WhiteElo "2470"]
[BlackElo "2334"]
[PlyCount "119"]
[EventDate "2021.??.??"]

1. e4 c5 2. Nf3 Nc6 3. Bb5 g6 4. O-O Bg7 5. c3 e5 6. d4 cxd4 7. cxd4 exd4 8.
Bf4 Nge7 9. Bd6 O-O 10. Nbd2 b6 11. Rc1 Bb7 12. Bc4 h6 13. b4 Kh7 14. Re1 f6
15. Nb3 Re8 16. b5 Ne5 17. Nxe5 fxe5 18. Bc7 Qc8 19. Bf7 Rf8 20. Bxe5 Bxe5 21.
Rxc8 Raxc8 22. Bd5 Nxd5 23. exd5 Rce8 24. Qg4 Bg7 25. Rxe8 Rxe8 26. f3 Re7 27.
d6 Re6 28. Nxd4 Rxd6 29. Ne2 a6 30. a4 axb5 31. axb5 Bd5 32. Qb4 Bf8 33. Qf4
Kg8 34. Nc3 g5 35. Qf5 Bb7 36. Kf2 Bg7 37. Ne4 Bxe4 38. Qxe4 Bd4+ 39. Kg3 Bc5
40. Qe8+ Kg7 41. Qe7+ Kg8 42. Qe8+ Kg7 43. Kh3 Rd4 44. g3 Rd2 45. Kg4 Bf8 46.
h3 Rd6 47. Kh5 Kg8 48. h4 gxh4 49. Kxh4 Kg7 50. f4 Kg8 51. g4 Kg7 52. f5 Kg8
53. g5 hxg5+ 54. Kxg5 Rd1 55. Qg6+ Bg7 56. Qxb6 Kf7 57. Qg6+ Kf8 58. Kf4 Bd4
59. Qd6+ Ke8 60. Ke4 1-0

[Event "SERBIA CHESS OPEN 2021 - MASTERS"]
[Site "Belgrade, Hotel Metropol"]
[Date "2021.07.04"]
[Round "4.44"]
[White "Samadov, Read"]
[Black "Gokerkan, Cem Kaan"]
[Result "1/2-1/2"]
[WhiteElo "2332"]
[BlackElo "2470"]
[PlyCount "79"]
[EventDate "2021.??.??"]

1. d4 Nf6 2. c4 e6 3. Nc3 Bb4 4. f3 d5 5. a3 Bxc3+ 6. bxc3 O-O 7. cxd5 exd5 8.
e3 b6 9. Bd3 c5 10. Ne2 Ba6 11. O-O Re8 12. Ng3 Bxd3 13. Qxd3 Nc6 14. Bb2 h5
15. Rae1 h4 16. Nf5 Nh5 17. e4 cxd4 18. cxd4 Qg5 19. Bc1 Qf6 20. exd5 Ne7 21.
Nxe7+ Rxe7 22. Re4 Qg6 23. Qe2 Rc7 24. Rg4 Qb1 25. Bh6 Qf5 26. Rg5 Qf6 27. Qe5
Qxh6 28. Rxh5 Qg6 29. Rg5 Qh6 30. Rh5 Qg6 31. Qxc7 Qxh5 32. d6 h3 33. gxh3 Qg5+
34. Kh1 Rd8 35. Qe7 Qf6 36. Qxf6 gxf6 37. Rd1 Rxd6 38. Kg2 Rd5 39. Kg3 Rg5+ 40.
Kf4 1/2-1/2

[Event "SERBIA CHESS OPEN 2021 - MASTERS"]
[Site "Belgrade, Hotel Metropol"]
[Date "2021.07.04"]
[Round "4.45"]
[White "Diermair, Andreas"]
[Black "Manakova, Maria"]
[Result "1-0"]
[WhiteElo "2455"]
[BlackElo "2254"]
[PlyCount "93"]
[EventDate "2021.??.??"]

1. d4 Nf6 2. c4 e6 3. Nf3 b6 4. g3 Bb7 5. Bg2 Be7 6. O-O O-O 7. d5 exd5 8. Nh4
c6 9. cxd5 Nxd5 10. Nf5 Nc7 11. Nc3 d5 12. e4 Bf6 13. exd5 cxd5 14. Bf4 Nba6
15. Nd6 Bc6 16. Nxd5 Bxd5 17. Bxd5 Nxd5 18. Qxd5 Bxb2 19. Rad1 Nc5 20. Rfe1 h6
21. h4 Qf6 22. Bg5 hxg5 23. hxg5 Qg6 24. Nf5 Rae8 25. Rxe8 Rxe8 26. Ne7+ Rxe7
27. Qd8+ Re8 28. Qxe8+ Kh7 29. Qe2 Bc3 30. Qf3 Ne6 31. Qxc3 Nxg5 32. Qd3 f5 33.
Kg2 Nf7 34. Qd5 Nh6 35. Rd4 Qf6 36. Ra4 a5 37. Rc4 Qe7 38. Rc6 b5 39. Rc5 a4
40. Rxb5 a3 41. Rb3 Qf8 42. Qf3 Ng4 43. Rxa3 Ne5 44. Qh5+ Kg8 45. Re3 Qa8+ 46.
Kg1 g6 47. Qe2 1-0

[Event "SERBIA CHESS OPEN 2021 - MASTERS"]
[Site "Belgrade, Hotel Metropol"]
[Date "2021.07.04"]
[Round "4.46"]
[White "O`donnell, Conor"]
[Black "Kilgus, Georg"]
[Result "0-1"]
[WhiteElo "2331"]
[BlackElo "2452"]
[PlyCount "74"]
[EventDate "2021.??.??"]

1. d4 Nf6 2. c4 e6 3. Nc3 Bb4 4. e3 O-O 5. Bd2 Bxc3 6. Bxc3 Ne4 7. Bb4 c5 8.
dxc5 Na6 9. a3 Qf6 10. Qc2 Naxc5 11. Nf3 d6 12. Be2 a5 13. Bxc5 Nxc5 14. O-O a4
15. Nd4 Bd7 16. Rad1 g6 17. Qd2 Rfd8 18. Qb4 Bc6 19. Bf3 Ra6 20. Rd2 e5 21.
Nxc6 bxc6 22. Rfd1 Kg7 23. h3 h5 24. Rf1 Qe7 25. Rfd1 Qc7 26. Qc3 Kf8 27. g4
hxg4 28. hxg4 Rb6 29. Kg2 Rb3 30. Qc2 Ke7 31. Rh1 Rdb8 32. Rh7 e4 33. Bxe4 Rxb2
34. Qc1 Rxd2 35. Bxg6 Qa5 36. Rxf7+ Kd8 37. Qh1 Nd7 0-1

[Event "SERBIA CHESS OPEN 2021 - MASTERS"]
[Site "Belgrade, Hotel Metropol"]
[Date "2021.07.04"]
[Round "4.47"]
[White "Yordanov, Lachezar"]
[Black "Martin Duque, Jesus"]
[Result "0-1"]
[WhiteElo "2325"]
[BlackElo "2444"]
[PlyCount "146"]
[EventDate "2021.??.??"]

1. d4 Nf6 2. c4 b6 3. f3 Ba6 4. e4 e6 5. Bd3 Bb4+ 6. Bd2 Bxd2+ 7. Qxd2 d6 8. f4
e5 9. Nf3 O-O 10. fxe5 dxe5 11. d5 Nbd7 12. O-O Ne8 13. Nc3 Nd6 14. b3 Qe7 15.
Kh1 Rae8 16. Rae1 g6 17. Qh6 f6 18. Bc2 Nc5 19. Rf2 Bc8 20. a3 a5 21. Nd2 Nd7
22. Ref1 Ba6 23. Qh3 b5 24. cxb5 Nxb5 25. Bd3 Rb8 26. a4 Nxc3 27. Bxa6 Na2 28.
Qe6+ Rf7 29. Bb5 Nc5 30. Qh3 Kg7 31. Qe3 Ra8 32. Nc4 Nb4 33. h3 Nb7 34. Rc1 Nd6
35. Nxd6 cxd6 36. Qb6 Qa7 37. Qxa7 Raxa7 38. g4 Rac7 39. Rff1 Nc2 40. Rfd1 Nd4
41. Rxc7 Rxc7 42. Bc4 Rb7 43. Rd3 f5 44. gxf5 gxf5 45. exf5 Kf6 46. Kg2 Kxf5
47. Kf2 Rg7 48. Rd1 Kf4 49. Rd3 h5 50. Ke1 h4 51. Kd2 Rg2+ 52. Kd1 Nf3 53. b4
e4 54. Ra3 axb4 55. Ra2 Rg1+ 56. Kc2 Nd4+ 57. Kb2 e3 58. a5 e2 59. Bxe2 Nxe2
60. a6 Nc3 61. Ra5 Rg8 62. a7 Ra8 63. Kb3 Ke4 64. Kxb4 Nxd5+ 65. Kb5 Ne7 66.
Ra4+ Ke5 67. Rxh4 Rxa7 68. Rh8 Rb7+ 69. Kc4 d5+ 70. Kd3 Rb3+ 71. Kc2 Rg3 72. h4
Nf5 73. h5 Rh3 0-1

[Event "SERBIA CHESS OPEN 2021 - MASTERS"]
[Site "Belgrade, Hotel Metropol"]
[Date "2021.07.04"]
[Round "4.48"]
[White "Tisaj, Domen"]
[Black "Fernandez, Daniel"]
[Result "1/2-1/2"]
[WhiteElo "2293"]
[BlackElo "2440"]
[PlyCount "51"]
[EventDate "2021.??.??"]

1. d4 Nf6 2. c4 e6 3. g3 Bb4+ 4. Nd2 c5 5. a3 Bxd2+ 6. Qxd2 cxd4 7. Nf3 b6 8.
Bg2 Bb7 9. O-O O-O 10. Qxd4 Nc6 11. Qh4 Na5 12. b4 Nb3 13. Rb1 Nxc1 14. Rbxc1
a5 15. Qd4 axb4 16. axb4 Ra4 17. Rb1 Be4 18. Rb2 Qc7 19. Ne5 Bxg2 20. Kxg2 d6
21. Nf3 Rc8 22. Rd1 d5 23. cxd5 Nxd5 24. e4 Nf6 25. Ne5 h6 26. f3 1/2-1/2